000 00930cam a22002897a 4500
003 CHAP
005 20220329133123.0
008 971013s1991 r 00010 d
010 _a2379
011 _a3351
035 _a2551
040 _cCHAP
090 _aTesis
100 0 0 _aFuentes Romero, Adelina Margarita.
_943892
245 0 _aEstudio de tiempos en las operaciones de resinación
260 _aChapingo, Méx. :
_bEl Autor,
_c1991
300 _a64 h.
_b: ilus. ; gráfs.
502 _aTesis (Ing. Forestal con orientación en Economía y Ordenación) -- UACH. División de Ciencias Forestales
590 _aALEPH
_b10
_c20130110
_lUCH01
_h1212
590 _aBATCH-UPD
_b10
_c20130110
_lUCH01
_h1415
590 _aCONVERSION
_b10
_c20130109
_lUCH01
_h1303
650 1 4 _aPinus hartwegii.
_988340
650 1 4 _aResina de pino.
_996121
901 _aBK
942 _cTESIS
949 _bBC
_cTES
_d-12053
_eTS1
_h24413
_i2551
_si
999 _c2379
_d2379